000 00879nam a2200265Ia 4500
008 100315s9999 xx 000 0 und d
020 _a0-88730-647-0 
040 _cENGLISH 
082 _b5937 
_a658.40355 
100 _a"Barker, Joel Arthur "
245 _aParadigms : The Business Of Discovering The Future
250 _a1st 
260 _aNew York 
_bHarper Business / Harper Collins  
_c1993 
300 _a240P 
365 _eDollars 
_d47 
_b385.40 
366 _f20 
505 _gDBH 
530 _bShubham Books 145/12-01-2007 
_a145/12-01-2007 
536 _a01/04/2007-31/03/2008 
620 _a"Paradigms, Success in Business, Paradigm Shift "
630 _aParadigms : The Business Of Discovering The Future
650 _aBusiness Forecasting 
730 _aParadigms : The Business Of Discovering The Future
942 _cBOOK
999 _c480672
_d480669